000 00518nam a2200205 a 4500
001 23247
003 CO-ViMGA
008 141112s2004 ck r 000 u spa d
020 _a9584217550
040 _aCO-ViMGA
_bspa
_cCO-ViMGA
082 _aCo863.44 G151i1
100 1 _aGamboa, Santiago
245 1 0 _aLos impostores
260 _aColombia :
_bPlaneta,
_c2002
300 _a351 p.
490 _aLetras colombianas de hoy
650 1 4 _aNovela colombiana
_91193
650 1 4 _aNovela policiaca
942 _2ddc
_cBK
999 _c11649
_d11649